Los 50 equipos de fútbol en activo más antiguos de España - Estadísticas

Estadísticas generales
  • Esta prueba ha sido intentada 403 veces
    369 desde el último reinicio
  • La puntuación promedio es 21 de 50
Estadísticas de respuestas
Año de Fundación Club % Correcto
1899 FC Barcelona
96%
1902 Real Madrid
95%
1890 Sevilla FC
94%
1907 Real Betis
90%
1898 Athletic Club
89%
1903 Atlético de Madrid
89%
1919 Valencia CF
88%
1906 Deportivo de La Coruña
84%
1889 Recreativo de Huelva
84%
1923 Celta de Vigo
81%
1909 Real Sociedad
79%
1900 RCD Espanyol
76%
1913 Racing de Santander
73%
1905 Sporting de Gijón
72%
1919 Racing de Ferrol
70%
1910 Cádiz CF
65%
1920 CA Osasuna
62%
1921 Deportivo Alavés
62%
1909 Levante UD
61%
1916 RCD Mallorca
60%
1919 Real Murcia
55%
1922 CD Tenerife
50%
1909 Arenas Club
49%
1915 Real Unión
49%
1922 CD Castellón
44%
1922 Hércules CF
44%
1907 CD Europa
37%
1923 Cultural Leonesa
34%
1903 CE Sabadell
27%
1914 Gimnàstic de Tarragona
26%
1922 SD Ponferradina
18%
1917 Barakaldo CF
17%
1903 Real Avilés
15%
1909 UE Sant Andreu
12%
1919 CP Cacereño
9%
1921 CD Eldense
8%
1907 Gimnástica de Torrelavega
7%
1909 Algeciras CF
6%
1903 CF Badalona
6%
1906 Terrassa FC
5%
1923 Real Ávila
4%
1920 CD Atlético Baleares
2%
1918 CD Laredo
2%
1923 CD Calahorra
1%
1922 Torrent CF
1%
1921 UE Olot
1%
1923 Bergantiños FC
0%
1922 CD Alfaro
0%
1922 SD Gernika
0%
1917 UM Escobedo
0%
No se encontraron pruebas coincidentes
Distribución de puntuación
Porcentaje de gente con cada puntuación
Porcentaje por número respondido
Historial de tus puntuaciones
No has intentado esta prueba desde el último reinicio